[Event "Sao Bernardo do Campo LXSBC op 4th"]
[Site "Sao Bernardo do Campo"]
[Date "2012.07.15"]
[Round "5"]
[White "Carmo, Kenzo Augusto Kano"]
[Black "De Souza, Eduardo Pereira"]
[Result "0-1"]
[WhiteElo "1800"]
[BlackElo "1800"]
[PlyCount "74"]
[EventDate "2012.07.13"]
[EventType "swiss"]
[EventRounds "6"]
[EventCountry "BRA"]
[SourceTitle "CBM 149 Extra"]
[Source "ChessBase"]
[SourceDate "2012.08.24"]
[SourceVersion "1"]
[SourceVersionDate "2012.08.24"]
[SourceQuality "1"]

1. d4 d5 2. c4 Nf6 3. Nc3 e6 4. cxd5 exd5 5. Bg5 Be7 6. Nf3 Nc6 7. e3 Bf5 8. Be2 0-0 9. 0-0 Ne4 10. Bxe7 Qxe7 11. Nxd5 Qd8 12. Nf4 Ne7 13. Bd3 Ng6 14. Nxg6 Bxg6 15. Ne5 Bf5 16. f3 Nd6 17. Bxf5 Nxf5 18. Rc1 Nxe3 19. Qb3 Qg5 20. Rf2 Nxg2 21. Rcf1 Ne3+ 22. Kh1 Nxf1 23. Rxf1 Rad8 24. Qc3 Qf4 25. Rg1 c6 26. d5 f6 27. Nd3 Qxf3+ 28. Rg2 Rde8 29. dxc6 bxc6 30. Qb3+ Kh8 31. Qb7 Qd1+ 32. Rg1 Qf3+ 33. Rg2 Rd8 34. Qe7 Kg8 35. Nf2 Rfe8 36. Qb4 Rb8 37. Qa5 Rxb2 0-1

[Event "Sao Bernardo do Campo LXSBC op 4th"]
[Site "Sao Bernardo do Campo"]
[Date "2012.07.14"]
[Round "4"]
[White "Carmo, Kenzo Augusto Kano"]
[Black "Zachi, Felipe Parelho"]
[Result "1/2-1/2"]
[WhiteElo "1800"]
[BlackElo "1610"]
[PlyCount "46"]
[EventDate "2012.07.13"]
[EventType "swiss"]
[EventRounds "6"]
[EventCountry "BRA"]
[SourceTitle "CBM 149 Extra"]
[Source "ChessBase"]
[SourceDate "2012.08.24"]
[SourceVersion "1"]
[SourceVersionDate "2012.08.24"]
[SourceQuality "1"]

1. d4 d5 2. c4 c6 3. Nc3 Nf6 4. cxd5 cxd5 5. Nf3 e6 6. Bg5 Be7 7. e3 a6 8. Bd3 0-0 9. 0-0 Nc6 10. e4 dxe4 11. Nxe4 Nxe4 12. Bxe7 Nxe7 13. Bxe4 Nd5 14. h4 Nf6 15. Bc2 Bd7 16. Qd3 g6 17. Qb3 Bc6 18. Ne5 Bd5 19. Qe3 Nd7 20. Nf3 Rc8 21. Be4 Nf6 22. Bxd5 Nxd5 23. Qh6 Qf6 1/2-1/2

[Event "Sao Bernardo do Campo LXSBC op 4th"]
[Site "Sao Bernardo do Campo"]
[Date "2012.07.13"]
[Round "2"]
[White "De Souza, Moira Bonifacio"]
[Black "Carmo, Kenzo Augusto Kano"]
[Result "1-0"]
[WhiteElo "1800"]
[BlackElo "1800"]
[PlyCount "53"]
[EventDate "2012.07.13"]
[EventType "swiss"]
[EventRounds "6"]
[EventCountry "BRA"]
[SourceTitle "CBM 149 Extra"]
[Source "ChessBase"]
[SourceDate "2012.08.24"]
[SourceVersion "1"]
[SourceVersionDate "2012.08.24"]
[SourceQuality "1"]

1. Nf3 Nf6 2. Nc3 d5 3. d4 c5 4. dxc5 Nc6 5. Bg5 e5 6. Bxf6 Qxf6 7. Nxd5 Qd8 8. e4 Bxc5 9. Bb5 0-0 10. Bxc6 bxc6 11. Nc3 Bg4 12. Qxd8 Rfxd8 13. Nxe5 Rd6 14. Nxg4 Rb8 15. Na4 Bd4 16. c3 Bb6 17. Nxb6 Rxb6 18. Ne3 Rxb2 19. Nc4 Re2+ 20. Kxe2 Re6 21. f3 f5 22. e5 Kf7 23. Rad1 Kg6 24. Rd6 Rxd6 25. exd6 Kf6 26. Kf2 Kf7 27. Re1 1-0

[Event "BRA-ch U16"]
[Site "Sao Paulo"]
[Date "2012.04.28"]
[Round "2"]
[White "Correia, Vitor Paie"]
[Black "Carmo, Kenzo Augusto Kano"]
[Result "1-0"]
[WhiteElo "1494"]
[BlackElo "1800"]
[PlyCount "25"]
[EventDate "2012.04.28"]
[EventType "swiss"]
[EventRounds "7"]
[EventCountry "BRA"]
[SourceTitle "CBM 148 Extra"]
[Source "ChessBase"]
[SourceDate "2012.06.22"]
[SourceVersion "1"]
[SourceVersionDate "2012.06.22"]
[SourceQuality "1"]

1. e4 e5 2. Nf3 Nc6 3. d4 exd4 4. Nxd4 Nxd4 5. Qxd4 Nf6 6. Nc3 c5 7. Qd1 Be7 8. Bd3 0-0 9. e5 Ne8 10. Qh5 h6 11. Bxh6 gxh6 12. Qxh6 Nf6 13. exf6 1-0